000 00699nam a2200217Ia 4500
005 20250508170117.0
008 008 250505s9999 xx 000 0 eng d
020 _a978-1-77188-962-9
037 _aReference
040 _aFEDL
_beng
_cFEDL
041 _aeng
_2eng
084 _a378.1, LAT/RR
_qFEDL
100 _aLatwal Gopal Singh Ed.
_9783056
245 0 _aRole of ICT in higher education: Trends, problems and prospects
260 _aAbingdon, England
_bApple Academic Press
_c2021
300 _axxii, 441p.
365 _aGBP
_b131
700 _a Sharma Sudhir Kumar Ed. Mahajan Prerna and others Ed.
_9783057
942 _cREF
_h378.1, LAT/RR
999 _c1399269
_d1399269